Handbook of healthcare delivery systems. Chapter 27 : (Record no. 2309)

MARC details
000 -LEADER
fixed length control field 01190cam a22003134i 4500
001 - CONTROL NUMBER
control field 04985
003 - CONTROL NUMBER IDENTIFIER
control field HDC
008 - FIXED-LENGTH DATA ELEMENTS--GENERAL INFORMATION
fixed length control field 210118s2011 flua bf 001 0 eng
020 ## - INTERNATIONAL STANDARD BOOK NUMBER
International Standard Book Number 1439803331 (hardcover : alkaline paper)
020 ## - INTERNATIONAL STANDARD BOOK NUMBER
International Standard Book Number 9781439803332 (hardcover : alkaline paper)
040 ## - CATALOGING SOURCE
Original cataloging agency HDC
100 ## - MAIN ENTRY--PERSONAL NAME
Personal name Polizzi, Karen M.,
Relator term author
9 (RLIN) 5240
245 #0 - TITLE STATEMENT
Title Handbook of healthcare delivery systems. Chapter 27 :
Remainder of title Vaccine Production /
Statement of responsibility, etc. by Karen M. Polizzi and Cleo Kontoravdi
260 ## - PUBLICATION, DISTRIBUTION, ETC.
Place of publication, distribution, etc. Boca Raton, FL :
Name of publisher, distributor, etc. CRC Press,
Date of publication, distribution, etc. 2011
300 ## - PHYSICAL DESCRIPTION
Extent 20 pages
336 ## - CONTENT TYPE
Content type term text
Source rdacontent
337 ## - MEDIA TYPE
Media type term unmediated
Source rdamedia
338 ## - CARRIER TYPE
Carrier type term volume
Source rdacarrier
500 ## - GENERAL NOTE
General note Original from book
650 ## - SUBJECT ADDED ENTRY--TOPICAL TERM
Topical term or geographic name entry element Delivery of Health Care, Integrated.
9 (RLIN) 5242
650 ## - SUBJECT ADDED ENTRY--TOPICAL TERM
Topical term or geographic name entry element Integrated delivery of health care
9 (RLIN) 5241
650 ## - SUBJECT ADDED ENTRY--TOPICAL TERM
Topical term or geographic name entry element Outcome and Process Assessment (Health Care)
9 (RLIN) 5243
650 ## - SUBJECT ADDED ENTRY--TOPICAL TERM
Topical term or geographic name entry element Systems Analysis.
9 (RLIN) 3137
700 ## - ADDED ENTRY--PERSONAL NAME
Personal name Kontoravdi, Cleo,
Relator term author
9 (RLIN) 5244
856 ## - ELECTRONIC LOCATION AND ACCESS
Public note Request full-text at [email protected]
942 ## - ADDED ENTRY ELEMENTS (KOHA)
Source of classification or shelving scheme Library of Congress Classification
942 ## - ADDED ENTRY ELEMENTS (KOHA)
Koha item type Chapter in Books
942 ## - ADDED ENTRY ELEMENTS (KOHA)
Call number prefix EBCH 002660
Holdings
Withdrawn status Lost status Source of classification or shelving scheme Damaged status Not for loan Home library Current library Shelving location Date acquired Total checkouts Full call number Date last seen Price effective from Koha item type
    Library of Congress Classification     Halal Development Corporation Library Halal Development Corporation Library Open Shelves 24/05/2023   EBCH 002660 24/05/2023 24/05/2023 Chapter in Books
Halal Development Corporation Berhad (HDC)
5.02 Level 5, KPMG Tower, First Avenue, Persiaran Bandar Utama, 47800 Petaling Jaya, Selangor Darul Ehsan
Phone: +603 7965 5489 Email: [email protected]